(Record no. 189931)

MARC details
000 -LEADER
fixed length control field 00547nam a2200145Ia 4500
041 ## - LANGUAGE CODE
Language code of text/sound track or separate title Kurdish
082 ## - DEWEY DECIMAL CLASSIFICATION NUMBER
Classification number 907.2 cut-984 س
100 ## - MAIN ENTRY--PERSONAL NAME
Personal name 20260118u\\\\\\\\\\\y0engy0103\\\\ba
Personal name مجلة سومر
245 #0 - TITLE STATEMENT
Title سومر مجلة علمية تبحث في اثار الوطن العربي وتاريخه الجزء الاول والثاني - المجلد السادس والثلاثون
250 ## - EDITION STATEMENT
Edition statement چ1
260 ## - PUBLICATION, DISTRIBUTION, ETC. (IMPRINT)
Name of publisher, distributor, etc دار الحرية للطباعة والنشر
Place of publication, distribution, etc بغداد -العراق
Date of publication, distribution, etc 1980
300 ## - PHYSICAL DESCRIPTION
Extent 143
942 ## - ADDED ENTRY ELEMENTS (KOHA)
Koha item type Books
Holdings
Withdrawn status Lost status Damaged status Not for loan Collection code Home library Current library Shelving location Date acquired Total Checkouts Full call number Barcode Date last seen Copy number Price effective from Koha item type
          Koya University Central Library Koya University Central Library Books 18/01/2026   907.2 cut-984 س 0000095516 18/01/2026 1 18/01/2026 Books